000 00662nam a22002177a 4500
005 20170124110010.0
010 _aA-777161
020 _c00.00
035 _aA-777161
037 _bCen Lib/Ret
040 _aDPL
_bEN
082 _a370
_bDEV
100 _aDevanesen, Chandran D.S.
_917546
245 _aEducation :
_cby Chandran D.S. Devanesen
_bretrospect and prospect /
260 _aMadras
_bRoofs For The Roofless
_c1987
270 _aFlat 5, Manonmaniammal Road, Kilpauk
_bMadras
_e600010
300 _axiv,210p.
_c21cm(Hb)
650 _aCareer education
_917547
650 _aEducation--policy
_916520
942 _2ddc
_cEN
_h370
_mDEV
999 _c126451
_d126451